Đánh giá thực trạng và tiềm năng khai thác một số sản phẩm từ nguồn tài nguyên đất ở Đồng bằng sông Cửu Long : Báo cáo tổng kết đề tài khoa học và công nghệ cấp Trường

Nội dung nghiên cứu thực trạng và đánh giá tiềm năng khai thác các sản phẩm từ nguồn tài nguyên đất sét ở ĐBSCL và đề xuất một số sản phẩm có khả năng khai thác, sản xuất cùng một số quy trình, sản phẩm có liên quan....

Volledige beschrijving

Bewaard in:
Bibliografische gegevens
Hoofdauteur: Võ, Quang Minh
Formaat: Boek
Taal:Undetermined
Gepubliceerd in: Cần Thơ Trường Đại học Cần Thơ 2011
Onderwerpen:
Tags: Voeg label toe
Geen labels, Wees de eerste die dit record labelt!
Thư viện lưu trữ: Trung tâm Học liệu Trường Đại học Cần Thơ
LEADER 01355nam a2200229Ia 4500
001 CTU_203719
008 210402s9999 xx 000 0 und d
082 |a 333.7 
082 |b M312 
088 |a T2011-04 
100 |a Võ, Quang Minh 
245 0 |a Đánh giá thực trạng và tiềm năng khai thác một số sản phẩm từ nguồn tài nguyên đất ở Đồng bằng sông Cửu Long : 
245 0 |b Báo cáo tổng kết đề tài khoa học và công nghệ cấp Trường 
245 0 |c Võ Quang Minh (Chủ nhiệm đề tài) ; Trần Thị Ngọc Trinh ... [et al.] (tham gia thực hiện) 
260 |a Cần Thơ 
260 |b Trường Đại học Cần Thơ 
260 |c 2011 
520 |a Nội dung nghiên cứu thực trạng và đánh giá tiềm năng khai thác các sản phẩm từ nguồn tài nguyên đất sét ở ĐBSCL và đề xuất một số sản phẩm có khả năng khai thác, sản xuất cùng một số quy trình, sản phẩm có liên quan. 
650 |a Natural resources,Nguồn tài nguyên thiên nhiên,Land use, rural,Đất nông thôn 
904 |i Tuyến 
915 |a MT 
980 |a Trung tâm Học liệu Trường Đại học Cần Thơ